00973nam a2200205 a 450000100100000000500170001000800410002702000150006804000250008324501070010826001350021530000340035049000470038450000420043170000440047371000760051783000520059395201050064599900170075000004220320201002040014.0130725s2004 sp ag 000 0 spa d a8400082788 aDO-SdBNPbspacBNPHU03aMúsica para Exequias en tiempo de Felipe IV /cestudio y edición, Luis Antonio González Marín. aBarcelona :bConsejo Superior de Ciencias CientíficasbInstitución "Milà i Fontanals", Departamento de Musicología,c2004. a303 p. :bil., mus. ;c32 cm.1 aMonumentos de la música española ;v70 aIncluye notas al pie de las páginas1 aGonzález Marín, Luis Antonio9631222 aInstitución "Milá y Fontanals".Departamento de Musicología966028 0aMonumentos de la música españolav70965588 001050718MOaGRbGRcCTd2013-11-19iLF1l0o p42203-10r2020-06-25w2020-06-25y1ZNo se presta c41692d41692